50 najlepszych tenisistów rankingu ATP (2023) - Statystyki

Ogólne statystyki
  • Ten quiz został rozwiązany 607 razy
  • Średni wynik to 21 z 50
Statystyki odpowiedzi
Lp. Tenisista Narodowość % Poprawnych
2 Novak Djokovic Serbia
98%
1 Carlos Alcaraz Hiszpania
97%
14 Hubert Hurkacz Polska
91%
5 Stefanos Tsitsipas Grecja
88%
4 Casper Ruud Norwegia
85%
9 Jannik Sinner Włochy
83%
6 Holger Rune Dania
82%
8 Taylor Fritz USA
71%
3 Danil Miedwiediew Rosja
70%
16 Rafael Nadal Hiszpania
67%
19 Alexander Zverev Niemcy
65%
7 Andriej Rublow Rosja
63%
12 Frances Tiafoe USA
58%
27 Grigor Dimitrow Bułgaria
52%
20 Alex De Minaur Australia
50%
11 Felix Auger-Aliassime Kanada
49%
37 Ben Shelton USA
45%
18 Tommy Paul USA
45%
17 Lorenzo Musetti Włochy
44%
13 Cameron Norrie Wielka Brytania
43%
23 Matteo Berettini Włochy
42%
15 Borna Coric Chorwacja
41%
24 Marin Cilic Chorwacja
40%
28 Nick Kyrgios Australia
40%
33 Denis Shapovalov Kanada
37%
10 Karen Chaczanow Rosja
35%
32 Nicolas Jarry Chile
32%
22 Francisco Cerundolo Argentyna
31%
26 Jan Lennard Struff Niemcy
31%
43 Jiri Lehecka Czechy
31%
39 Tallon Griekspoor Holandia
30%
38 Lorenzo Sonego Włochy
29%
35 Alejandro Davidovich Fokina Hiszpania
28%
25 Roberto Bautista-Agut Hiszpania
28%
21 Pablo Carreno-Busta Hiszpania
25%
45 Sebastian Baez Argentyna
25%
40 Miomir Kecmanovic Serbia
24%
30 Yoshihito Nishioka Japonia
24%
31 Sebastian Korda USA
22%
41 Ugo Humbert Francja
22%
29 Daniel Evans Wielka Brytania
19%
34 Thomas Martin Etcheverry Argentyna
18%
48 Dusan Lajovic Serbia
17%
47 Brandon Nakashima USA
13%
44 Emil Ruusuvuori Finlandia
13%
50 Asłan Karacew Rosja
8%
49 Jeffrey John Wolf USA
5%
42 Bernabe Zapata Miralles Hiszpania
4%
36 Botic Van De Zandchulp Holandia
4%
46 Maxime Cressy USA
2%
Nie znaleziono quizów pasujących do podanych kryteriów
Rozkład punktacji
Procent ludzi z każdym wynikiem
Percentyl według liczby udzielonych odpowiedzi
Twoja historia wyników
Nie rozwiązałeś tego quizu